| 000 | 00000nam##2200000za#4500 |
| 001 | 9.598908 |
| 003 | CaOODSP |
| 005 | 20210624204811 |
| 007 | cr ||||||||||| |
| 008 | 150406|1997||||xxc|||||o f|0| 0 fre|d |
| 040 | |aCaOODSP|bfre |
| 043 | |an-cn--- |
| 086 | 1 |aBT31-2/1998-III-83F-PDF |
| 110 | 1 |aCanada. |bConseil du trésor. |
| 245 | 10|aComité externe d'examen de la GRC, budget des dépenses 1997-1998, partie III, plan de dépenses |h[ressource électronique] |
| 260 | |aOttawa - Ontario : |bSecrétariat du Conseil du Trésor du Canada |cc1997. |
| 300 | |a23p.|bgraphiques, organigramme, tableaux |
| 490 | 1 |aBudget des dépenses 1997-1998. Partie III, Plan de dépenses |
| 500 | |aLe n° de catalogue (BT31-2/1998-III-83) et l'ISBN (0-660-60123-0) de l'édition imprimée bilingue ont été incorrectement copiés dans cette édition électronique. |
| 590 | |a10-06-Supp|b2010-07-26 |
| 775 | 08|tRCMP External Review Committee, 1997-98 estimates, part III, expenditure plan |w(CaOODSP)9.567577 |
| 776 | 0#|tComité externe d'examen de la Gendarmerie royale du Canada |w(CaOODSP)9.528081 |
| 776 | 0#|tRoyal Canadian Mounted Police External Review Committee |w(CaOODSP)9.528080 |
| 830 | #0|aBudget des dépenses 1997-1998. Partie III, Plan de dépenses.|w(CaOODSP)9.502512 |
| 856 | 40|ahttp://publications.gc.ca|qPDF|s592 Ko|uhttps://publications.gc.ca/collections/Collection/BT31-2-1998-III-83F.pdf |